000 00637cam a2200205 a 4500
001 000022075
003 DO-SdBNP
005 20240517111607.0
008 741028s1982 ve 001 0 spa d
040 _aDO-SdBNP
_bspa
_cBNPHU
_dBNPD
049 _aBNGR
082 _a928.6
_bB224M
100 1 _aSanabria, Edgar
_d1893-1980.
_945732
245 1 0 _aRafael María Baralt /
_cEdgar Sanabria.
250 _aEdición facsimilar
260 _aCaracas :
_bEdiciones de la Presidencia de la República,
_c1982.
300 _a46 p. ;
_c24 cm.
504 _aIncluye referencias bibliográficas y notas al pie de las páginas
942 _2ddc
_cLBS1
999 _c21573
_d21573